Statistics for Countries Closest to Montenegro

Click here to take the quiz!

General Stats

  • This quiz has been taken 92 times
  • The average score is 19 of 20

Answer Stats

Distance kmAnswer% Correct
0Albania
100%
0Croatia
100%
173Italy
100%
0Bosnia & Herzegovina
98%
0Serbia
98%
471Slovakia
98%
171Bulgaria
97%
247Hungary
97%
229Romania
97%
174Greece
95%
356Slovenia
94%
416Austria
92%
88North Macedonia
92%
512Turkey
92%
588Czech Republic
88%
498San Marino
86%
496Vatican
85%
639Germany
83%
635Poland
82%
644Ukraine
74%

Score Distribution

Percentile by Number Answered

Percent of People with Each Score

Your Score History

You have not taken this quiz